书目信息 |
| 题名: |
实用兵法奇谋与方略
|
|
| 作者: | 程庆中 | |
| 分册: | ||
| 出版信息: | 军事译文出版社 1992. 3 |
|
| 页数: | 537页 | |
| 开本: | 32开 | |
| 丛书名: | ||
| 单 册: | ||
| 中图分类: | E89 | |
| 科图分类: | ||
| 主题词: | 兵法--古代 , 作战方法--古代 | |
| 电子资源: | ||
| ISBN: | 7-80027-157-9 | |
| 000 | 00563nam0 2200205 45 | |
| 001 | 0308271087 | |
| 005 | 20030827105641.5 | |
| 010 | @a7-80027-157-9@b]@dRMB8.80 | |
| 100 | @a20030827d1992 km y0chiy0120 ea | |
| 101 | @achi | |
| 105 | @a z 000yy | |
| 200 | 1 | @a实用兵法奇谋与方略@Ashi yong bing fa qi mou yu fang lue@f程庆中@Fcheng qing zhong |
| 210 | @c军事译文出版社@d1992. 3 | |
| 215 | @a537页@c无图表@d32开 | |
| 606 | 0 | @a兵法@x古代 |
| 606 | 0 | @a作战方法@x古代 |
| 690 | @aE89@v3 | |
| 701 | 0 | @a程庆中 |
| 801 | @aCN@b@c20030827 | |
| 905 | @aBZT@dE89@e12 | |
| 实用兵法奇谋与方略/程庆中.-军事译文出版社,1992. 3 |
| 537页:无图表;32开 |
| ISBN 7-80027-157-9(]):RMB8.80 |
| ● |
| 相关链接 |
|
|
|
正题名:实用兵法奇谋与方略
索取号:E89/12
 
预约/预借
| 序号 | 登录号 | 条形码 | 馆藏地/架位号 | 状态 | 备注 |
| 1 | 76103 | 200485439 | 中心书库北库/ 北库005架A面4列2层37/ [索取号:E89/12] | 在馆 | |
| 2 | 76104 | 200485484 | 中心书库北库/ 北库005架A面4列2层33/ [索取号:E89/12] | 在馆 | |
| 3 | 76105 | 200485457 | 中心书库北库/ 北库005架A面4列2层38/ [索取号:E89/12] | 在馆 | |
| 4 | 76106 | 200485493 | 中心书库北库/ 北库005架A面4列2层34/ [索取号:E89/12] | 在馆 | |
| 5 | 76107 | 200485475 | 中心书库北库/ 北库005架A面4列2层35/ [索取号:E89/12] | 在馆 | |
| 6 | 76108 | 200485466 | 中心书库北库/ 北库005架A面4列2层36/ [索取号:E89/12] | 在馆 |